Normal view MARC view

Entry Nombre personal

Number of records used in: 1

001 - NÚMERO DE CONTROL

  • campo de control: 175697

003 - IDENTIFICADOR DE NÚMERO DE CONTROL

  • campo de control: SpMaBN

005 - FECHA Y HORA DE LA ÚLTIMA TRANSACCIÓN

  • campo de control: 20240124162155.0

008 - ELEMENTOS DE DATO DE LONGITUD-FIJA

  • campo de control de longitud fija: 110317n|#azznnaabn n aaa ||

024 7# - IDENTIFICADOR DE OTROS ESTÁNDARES

  • Número estándar o código: http://www.wikidata.org/entity/Q1239466
  • Fuente: wikidata

024 7# - IDENTIFICADOR DE OTROS ESTÁNDARES

  • Número estándar o código: http://viaf.org/viaf/7627772/
  • Fuente: viaf

024 7# - IDENTIFICADOR DE OTROS ESTÁNDARES

  • Número estándar o código: https://isni.org/isni/0000000115917477
  • Fuente: isni

040 ## - FUENTE DE CATALOGACIÓN

  • Centro catalogador/agencia de origen: SpMaBN
  • Lengua de catalogación: spa
  • Centro/agencia transcriptor: SpMaBN
  • Normas de descripción: rdc
  • Convención/Normas de encabezamiento de materia/tesauro: embne

046 ## - FECHAS CON CODIFICACIÓN ESPECIAL

  • Fecha de nacimiento: 1968

100 1# - ENCABEZAMIENTO-NOMBRE DE PERSONA

  • Nombre de persona: Pechmann, Alexander,
  • Fechas asociadas al nombre: 1968-

370 ## - LUGAR ASOCIADO

  • Lugar de nacimiento: Viena
  • Número de control del registro de autoridad o número normalizado: XX451150
  • Fuente de información: Wikidata

374 ## - OCUPACIÓN

  • Ocupación: Escritores
  • Ocupación: Traductores
  • Fuente de información: Wikidata

375 ## - GÉNERO/SEXO

  • Género: Masculino
  • Fuente de información: Wikidata

377 ## - IDIOMA ASOCIADO

  • Código del idioma: ger
  • Término de lengua/lenguaje: Alemán

670 ## - FUENTE DE DATOS ENCONTRADOS

  • Cita de la fuente: La biblioteca de los libros perdidos, 2011
  • Información encontrada: port. (Alexander Pechmann) cub. (n. 1968; escritor, editor y traductor)

670 ## - FUENTE DE DATOS ENCONTRADOS

  • Cita de la fuente: WWW BL OPAC, 21-3-2011
  • Información encontrada: (Pechmann, Alexander; 1968-)